[Event "Corus"]
[Site "Wijk aan Zee"]
[Date "2001.01.23"]
[Round "9"]
[White "Kasparov, Garry"]
[Black "Shirov, Alexei"]
[Result "1-0"]
[WhiteElo "2849"]
[BlackElo "2718"]
[Annotator "Huzman,A"]
[PlyCount "89"]
[EventDate "2001.01.13"]
[EventType "tourn"]
[EventRounds "13"]
[EventCountry "NED"]
[EventCategory "19"]
[SourceTitle "CBM 081"]
[Source "ChessBase"]
[SourceDate "2001.03.20"]
[SourceVersion "1"]
[SourceVersionDate "2001.03.20"]
[SourceQuality "1"]

{[%mdl 1]} 1. e4 e5 2. Nf3 Nf6 3. Nxe5 d6 4. Nf3 Nxe4 5. d4 d5 6. Bd3 Bd6 7.
O-O O-O 8. c4 c6 9. Qc2 Na6 10. a3 Bg4 11. Ne5 Bh5 12. cxd5 (12. f3 f6 13. fxe4
fxe5 14. Rxf8+ Bxf8 15. exd5 cxd5 16. Bxh7+ Kh8 17. Nc3 dxc4 18. d5 Bc5+ 19.
Kh1 Qf6 20. Qf5 Rf8 {0-1 Cibin,A-Rey Saravia,F/ARG-Cup2 corr9293 1992/CR97-92 
(20)}) 12... cxd5 13. Nc3 $146 {[%mdl 44]} (13. Bxe4 dxe4 14. Qxe4 Re8 15. Bf4
Nc7 16. Qf5 Bg6 17. Qg4 Ne6 18. Nxg6 Bxf4 19. Nxf4 {1/2-1/2 Timoshenko,
G-Makarichev,S/Moskva (GMA) 1990/Inf 49 (19)}) 13... Nxc3 (13... Bxe5 $5 14.
dxe5 Nac5 15. Nxe4 (15. Bxe4 dxe4 (15... Nxe4 16. Nxe4 Bg6 17. Qb3 Bxe4 18.
Qxb7 Qh4 $44) 16. Nxe4 Nd3 17. Bg5 (17. Nd6 Nxe5 18. Nxb7 Qd5 $44) 17... Qd4 $5
18. Nd6 Qxe5 $1 (18... Nxe5 19. Be7 Rfb8 $16) 19. Qxd3 Qxg5 $11) 15... Nxd3 16.
Qxd3 Bg6 17. Qb3 Bxe4 18. Qxb7 (18. f3 Bg6 19. Qxb7 d4 $44) 18... Qh4 19. f3
Bd3 20. Rf2 Qd4 $44) 14. bxc3 Kh8 $6 (14... Bxe5 15. Bxh7+ $1 Kh8 16. dxe5 g6
17. Qd2 $1 Kxh7 18. Qh6+ Kg8 19. Bg5 f6 20. Bxf6 Rxf6 21. exf6 Qxf6 22. f3 $1
$16 {Kasparov}) (14... Bg6 $5 15. Nxg6 hxg6 16. Qb3 Rb8 $14) 15. f4 (15. Bxh7
$5 g6 16. Bxg6 (16. Qd2 Kxh7 17. Qh6+ Kg8 18. Bg5 Be7 $1 (18... f6 $2 19. Nxg6
fxg5 (19... Bxg6 20. Qxg6+ Kh8 21. Rfe1 fxg5 22. Qh6+ Kg8 23. Re6) 20. Qh8+ Kf7
21. Qxh5) 19. Bxe7 (19. f4 $5 $44) 19... Qxe7 20. Rae1 (20. g4 f6 $17) 20...
Qf6 (20... Qe6 21. h3 f5 22. g4 fxg4 23. hxg4 Bxg4 24. Nxg6 Be2 25. f3 $1 $18)
21. g4 (21. Nd7 Qg7 22. Qf4 f6 23. Nxf8 Rxf8 24. Qd6 $16) 21... Qg7 22. Qxg7+
Kxg7 23. gxh5 gxh5 24. Kh1 $36) 16... fxg6 17. Nxg6+ Bxg6 18. Qxg6 Qc7 19. g3
$44 {[%cal Gg6h5,Gh5d5]}) 15... Bxe5 $2 (15... f6 $5 16. Nf3 Qd7 17. Rb1 $36)
16. fxe5 Bg6 17. a4 $1 (17. Bxg6 fxg6 (17... hxg6 18. a4 Qd7 19. Qf2 Kg8 20.
Qh4 $40 {[%cal Gf1f3,Gf3h3]}) 18. Rxf8+ Qxf8 19. Qb3 Qf7 20. Be3 Rf8 21. Qb5
Nb8 22. Rb1 b6 23. a4 $16) 17... Qd7 18. Ba3 Rfe8 (18... Bxd3 19. Qxd3 Rfc8 20.
Rf3 $16 {[%cal Ga1f1,Gf1f7,Gf3h3,Gh3h7]}) 19. Bxg6 fxg6 (19... hxg6 20. Rf3 $18
{[%cal Ga1f1]}) 20. Qb3 b6 (20... Rac8 21. Bd6 Rc4 22. Qb5 Qc6 23. Rf7 Rxc3 24.
Qxb7 $18) (20... Nc7 21. Bd6 b6 22. a5 $18 (22. Rf3 $1 $18) 22... b5 23. a6 $16
{/+-}) 21. Bd6 Nc7 22. Rf3 $1 (22. a5 $5) 22... Rac8 23. Raf1 h6 24. Qc2 $1 (
24. Rf7 Qc6 25. Bxc7 (25. R1f3 $5 Ne6 26. Rxa7 $18) 25... Rxc7 26. Rxc7 Qxc7
27. Qxd5 Qxc3 28. Qd7 $18) 24... Qg4 (24... Re6 25. Rf7 Qc6 26. Rf8+ Rxf8 27.
Rxf8+ Kh7 28. Rc8 Rxd6 29. exd6 Qxd6 30. Qf2 Qe7 31. Qg3 Na6 32. Qe5 $18) (
24... Ne6 25. Qxg6 Qxa4 26. Rf6 $1 Qd7 27. Rf7 Qc6 (27... Qa4 28. Be7) 28. Rxg7
Nxg7 29. Rf7 $18 {Kasparov}) 25. Rg3 Qh5 (25... Qe4 26. Qxe4 dxe4 27. Rf7 Nd5
28. Rxg6 Rg8 29. e6 $18) 26. Rh3 Qg5 27. Rg3 Qh5 28. Bxc7 Rxc7 29. Rxg6 $18 Qh4
(29... Rxc3 30. Rxh6+ Qxh6 31. Qxc3 $18) (29... Rec8 30. Rg3 $18) 30. h3 Qxd4+
(30... Rec8 $5 31. Rg4 Qe7 32. Qg6 $18) 31. cxd4 Rxc2 32. Rf7 $18 Rg8 33. Rd6
Rc4 34. Rxd5 Rxa4 35. Rdd7 Ra1+ 36. Kf2 Ra2+ 37. Kf3 Kh7 38. e6 Kg6 39. d5 Rc8
40. Rc7 Re8 41. g4 a5 42. Rxg7+ Kf6 43. Rgf7+ Ke5 44. Rf5+ Kd4 45. e7 1-0

[Event "Olympiad-36"]
[Site "Mallorca"]
[Date "2004.10.26"]
[Round "11"]
[White "Anand, Viswanathan"]
[Black "Charbonneau, Pascal"]
[Result "1-0"]
[WhiteElo "2781"]
[BlackElo "2490"]
[Annotator "Huzman,A"]
[PlyCount "67"]
[EventDate "2004.10.15"]
[EventType "team-swiss"]
[EventRounds "14"]
[EventCountry "ESP"]
[SourceTitle "CBM 104"]
[Source "ChessBase"]
[SourceDate "2005.01.27"]
[SourceVersion "1"]
[SourceVersionDate "2005.01.27"]
[SourceQuality "1"]
[WhiteTeam "India"]
[BlackTeam "Canada"]
[WhiteTeamCountry "IND"]
[BlackTeamCountry "CAN"]

1. e4 e5 2. Nf3 Nf6 3. Nxe5 d6 4. Nf3 Nxe4 5. d4 d5 6. Bd3 Be7 7. O-O Nc6 8.
Re1 Bf5 9. c4 O-O 10. cxd5 Qxd5 11. Nc3 Nxc3 12. bxc3 Bxd3 13. Qxd3 Rfe8 14.
Bf4 Bd6 (14... Qd7 15. Rab1 (15. Re3 Bf6 16. Rae1 Re7 17. Bg5 Rxe3 18. fxe3
Bxg5 19. Nxg5 g6 20. e4 $16 {1-0 Yagupov,I-Sorokin,M/St Petersburg 2001/EXT
2002 (66)}) 15... b6 16. d5 Rad8 17. Rbd1 (17. c4 Bf6 18. Bg5 $1 Nb4 19. Qd2
$14 {Matulovic,M-Kapelan,M/Vrsac 40/(382) 1985/[Matulovic,M] (22)}) 17... Na5
18. Ne5 Qc8 19. Qg3 Bf8 20. Ng4 Rxe1+ 21. Rxe1 Kh8 $14 {1/2-1/2 Smirnov,
P-Koneru,H/Chennai IND 2004/(34)}) 15. Ng5 g6 (15... f5 16. c4 Qa5 (16... Qxd4
17. Qxf5 $18) 17. Bd2 Nb4 (17... Bb4 18. c5 h6 19. Qb3+ Kh8 20. Rxe8+ Rxe8 21.
Qf7 $16) 18. Qb1 $1 $18) 16. Bd2 (16. Qh3 h5 17. Bxd6 cxd6 18. Qd7 Rxe1+ 19.
Rxe1 Nxd4 20. cxd4 Qxg5 21. Qxb7 Qd8 22. h3 $14) 16... Be7 (16... Rxe1+ 17.
Rxe1 Qxa2 18. Qh3 (18. Ne4 Be7 19. Bf4 Qd5 20. Bxc7 Rc8 21. Bd6 $1 f5 22. Qh3)
18... h5 19. Ne4 Be7 20. Bf4 $44) 17. h4 b5 $11 18. Nf3 Bd6 19. a4 a6 20. axb5
axb5 21. Rxa8 Rxa8 22. Bg5 h5 $2 {The Nf3 will stay on g5 now with big comfort
creating threats to Kg8.} (22... Na5 $5 23. h5 Nc4 24. h6 c5 $132) 23. Bf6 Bf8
24. Ng5 Bg7 25. Bxg7 Kxg7 26. Qg3 $1 Rc8 (26... Qd6 27. Qf3 Qd7 28. d5 Nd8 (
28... Na5 29. d6 Nc6 30. dxc7 Qxc7 31. Qd5 $36) 29. Qe4 $36) (26... Qd7 $5 27.
Qf4 Ra6 28. Ne4 Qe7 $14) 27. Qf4 Qd7 28. Qe4 (28. Ne4 Qe7 29. Re3 $36) 28...
Rd8 29. Re3 Qd5 (29... b4 30. cxb4 Nxd4 (30... Nxb4 31. Rf3 $1 Re8 32. Qb1 f6
33. Qxb4 fxg5 34. hxg5 $16 Qd6 $140 35. Qxd6 cxd6 36. Rf6 $18) 31. Qe5+ f6 32.
Qe7+ Qxe7 33. Rxe7+ Kf8 34. Rf7+ Ke8 35. Rxf6 $16) 30. Qf4 Rd6 31. Rf3 (31. Re6
Qf5 32. Qxf5 gxf5 33. Rxd6 cxd6 34. Nh3 $1 b4 $1 35. cxb4 Nxb4 36. Nf4 Nc2 37.
d5 Kf6 (37... Kh6 38. Kf1 $16) 38. Nxh5+ Ke5 39. g3 Kxd5 $14) (31. Re8 b4 32.
cxb4 Nxd4 33. Re7 Rf6 34. Qxc7 Ne2+ $132) 31... Nd8 32. Qe3 $1 {[%mdl 32]
White prepares the decisive penetration of Qe3.} b4 (32... Ra6 33. Qe8 (33. Kh2
Qd6+ 34. g3 Qd7 $14) 33... Ra1+ 34. Kh2 Ra2 (34... Qd6+ 35. g3 Qd5 36. Qe7 c6
37. Rxf7+ Nxf7 38. Ne6+ $18) 35. g3 Ra6 36. Qe7 Rc6 37. Rf4 $22 $16) 33. cxb4
Qxd4 $4 {[%mdl 8192]} (33... Rd7 34. Qe5+ (34. Qe8 Qd6 35. Rf6 Qxf6 36. Qxd7
Qc6 $1 $11) 34... Qxe5 35. dxe5 Rd5 (35... Nc6 36. e6 fxe6 37. Nxe6+ Kh6 38.
Rf4 $16) 36. Rc3 c6 37. Nf3 $16) 34. Rxf7+ (34. Rxf7+ Nxf7 35. Ne6+ Rxe6 36.
Qxd4+ $18) 1-0

[Event "Bundesliga 0405"]
[Site "Germany"]
[Date "2004.11.27"]
[Round "7.7"]
[White "Emms, John M"]
[Black "Holzke, Frank"]
[Result "1-0"]
[WhiteElo "2504"]
[BlackElo "2492"]
[Annotator "Huzman,A"]
[PlyCount "51"]
[EventDate "2004.11.12"]
[EventType "team-tourn"]
[EventRounds "15"]
[EventCountry "GER"]
[SourceTitle "CBM 105"]
[Source "ChessBase"]
[SourceDate "2005.04.11"]
[SourceVersion "1"]
[SourceVersionDate "2005.04.11"]
[SourceQuality "1"]
[WhiteTeam "Solingen"]
[BlackTeam "Wattenscheid"]
[WhiteTeamCountry "GER"]
[BlackTeamCountry "GER"]

1. e4 e5 2. Nf3 Nf6 3. Nxe5 d6 4. Nf3 Nxe4 5. d4 d5 6. Bd3 Nc6 7. O-O Bg4 8. c4
Nf6 9. Nc3 Nxd4 10. Qe1+ (10. cxd5 Bxf3 11. gxf3 c5 12. Bb5+ Nxb5 13. Re1+ Kd7
14. Nxb5 a6 15. Nc3 Bd6 16. Qc2 (16. Bf4 $1) 16... Re8 17. Bg5 h6 18. Bh4 Rc8
19. Ne4 $16 {1/2-1/2 Murariu,A-Diulger,A/Bucharest ROM 2004/CT-1452 (51)})
10... Be7 (10... Ne6 11. Ne5 Bb4 (11... d4 12. Nd5 Bh5 13. f4 $36) (11... dxc4
$5 12. Bxc4 (12. Be4 Qc8 13. Nxg4 Nxg4 14. Qe2 Nf6 15. Bf5 g6 16. Bh3 Bg7 17.
Qxc4 O-O $11) 12... Bf5 13. Bg5 (13. Qe2 Bd6 14. Re1 O-O 15. Nxf7 Rxf7 16. Bxe6
Bxe6 17. Qxe6 Qd7 $11) 13... Be7 14. Rd1 Qc8 15. Bxf6 Bxf6 16. Nd5 $36) 12.
Nxg4 Nxg4 13. Bf5 Bxc3 14. bxc3 Nf6 15. Ba3 Qd7 16. Rd1 c6 17. cxd5 cxd5 18. c4
$40 {1-0 Beney,E-Vianin,P/Crans Montana 2000/EXT 2001 (29)}) 11. Nxd4 dxc4 12.
Nf5 cxd3 13. Nxg7+ Kd7 (13... Kf8 14. Bh6 Kg8 15. Qe5 Bf8 16. Qg5 Ne8 17. Qxg4
Bxg7 18. Rfe1 Qf6 19. Bxg7 Nxg7 (19... Qxg7 20. Qd7 $16) 20. Rad1 Qg6 (20...
Rd8 21. Rxd3 $18) (20... Qd6 21. Qf3 $16) 21. Qc4 $16) 14. f3 Qg8 $2 (14... Qf8
15. fxg4 Qxg7 16. Qe5 (16. g5 $5 Ng4 17. Qe4 Bc5+ 18. Kh1 Qd4 19. Qf5+ $1 Kc6
20. Ne4 $40) 16... Qxg4 17. Bf4 Rhg8 (17... c6 18. Bg3 Qe6 19. Qc7+ Ke8 20.
Rae1 $18) 18. Qxc7+ (18. Bg3 $5 Qc4 19. Rxf6 Bxf6 20. Qxf6 Rad8 21. Qf5+ $16)
18... Ke8 19. Qxb7 Rd8 20. Rae1 Nd5 $1 (20... Qd7 21. Qf3 $16) 21. Bg3 $1 (21.
Rf2 Qd7 22. Qb3 Rg6 23. Bc7 $1 Re6 $1 24. Rxe6 Qxe6 25. Qb5+ Rd7 26. Qb8+ Rd8
27. Qb5+ $11 (27. Bxd8 $4 Qe1+ 28. Rf1 Bc5+ $19)) 21... Qd7 22. Qb3 $36) (14...
Rg8 15. fxg4 Rxg7 16. Qe5 c6 17. Bg5 Ne8 18. Qf5+ Kc7 19. Bf4+ Bd6 20. Rad1 $16
) (14... Be6 $1 15. Qe3 Kc6 (15... Kc8 16. Nxe6 fxe6 17. Rd1 $16) 16. Nxe6 fxe6
17. Qe5 {[%cal Ge5b5]} b6 18. Bg5 Kb7 19. Rad1 $36) 15. Bh6 Be6 16. Rd1 Kc8 (
16... Bc5+ 17. Kh1 Kc8 18. Nxe6 fxe6 19. Rxd3 Qf7 20. Qe5 $18) 17. Nxe6 fxe6
18. Rxd3 Qf7 19. Qe5 $1 Rg8 (19... Bd6 20. Rxd6 $1 cxd6 21. Qxd6 $18 Rd8 $140
22. Ne4 $1 $18) 20. Nb5 $1 Ne8 21. Rc1 {[%mdl 128]} Bf6 (21... Bd8 $142 22.
Rxd8+ Kxd8 23. Bg5+ Rxg5 (23... Kc8 24. Nxc7 $1 (24. Rxc7+ Qxc7 25. Nxc7 Rxg5 (
25... Nxc7 26. Bf4 $18) 26. Qxe6+ Kxc7 27. Qe7+ $18) 24... Nxc7 25. Rxc7+ $1
Qxc7 26. Qxe6+ Qd7 27. Qxg8+ Kc7 28. Bf4+ Kb6 (28... Kc6 29. Qc4+ Kb6 30. a4 $1
Rc8 (30... Qc6 31. a5+ $1 Kxa5 32. Bc7+ $18) (30... a6 31. Be3+ Ka5 32. Qc3+
Kxa4 33. b3+ Ka3 34. Bc1+ Ka2 35. Qb2#) 31. Be3+ Ka5 32. Bd2+ $1 Qxd2 (32...
Kb6 33. a5#) 33. Qb5#) 29. Be3+ Kc6 30. Qxa8 Qd1+ 31. Kf2 Qc2+ 32. Kg3 Qg6+ 33.
Kh4 Qf6+ 34. Bg5 $18) 24. Qxg5+ Qf6 (24... Kd7 25. Qd2+ Ke7 26. Nxc7 $18) 25.
Qxf6+ Nxf6 26. Nxc7 $18) 22. Qf4 (22. Nxc7 $1 Bxe5 (22... Nxc7 23. Rxc7+ Kb8 (
23... Qxc7 24. Qxe6+ Kb8 25. Qxg8+ Qc8 26. Bf4+ $18)) 23. Nxe8+ Bc7 (23... Qc7
24. Nxc7 Bxc7 25. Rdc3 $18) 24. Nd6+ $18) 22... c6 (22... Qe7 $142 23. Qe4 $1
Bxb2 24. Rxc7+ $1 Nxc7 25. Nd6+ $18) 23. Qe4 $1 {[%cal Gc1c6]} Qe7 24. Rxc6+ $1
{[%mdl 64]} Kb8 (24... bxc6 25. Qxc6+ Nc7 (25... Kb8 26. Rb3 Qb7 27. Bf4+ e5
28. Nd6 $18)) 25. Bf4+ e5 26. Bxe5+ $1 (26. Bxe5+ $1 Bxe5 27. Qxe5+ Qxe5 28.
Rd8#) 1-0

[Event "Bundesliga 0405"]
[Site "Germany"]
[Date "2005.01.29"]
[Round "8.1"]
[White "Nisipeanu, Liviu Dieter"]
[Black "Landa, Konstantin"]
[Result "1/2-1/2"]
[WhiteElo "2687"]
[BlackElo "2571"]
[Annotator "Huzman,A"]
[PlyCount "62"]
[EventDate "2004.11.12"]
[EventType "team-tourn"]
[EventRounds "15"]
[EventCountry "GER"]
[SourceTitle "CBM 106"]
[Source "ChessBase"]
[SourceDate "2005.06.06"]
[SourceVersion "1"]
[SourceVersionDate "2005.06.06"]
[SourceQuality "1"]
[WhiteTeam "Kreuzberg"]
[BlackTeam "Muelheim Nord"]
[WhiteTeamCountry "GER"]
[BlackTeamCountry "GER"]

1. e4 e5 2. Nf3 Nf6 3. Nxe5 d6 4. Nf3 Nxe4 5. d4 d5 6. Bd3 Nc6 7. O-O Be7 8. c4
Nb4 9. Be2 O-O 10. a3 Nc6 11. cxd5 Qxd5 12. Nc3 Nxc3 13. bxc3 Bf5 14. Re1 Rfe8
15. Bf4 Rac8 16. Bd3 Qd7 17. Rb1 Bxd3 (17... b6 18. Bb5 Bxb1 19. d5 Bd6 20.
Rxe8+ Qxe8 21. Bxd6 Qe4 22. Bxc7 Bc2 23. Qd2 Nb8 24. d6 $44 {0-1 Nijboer,
F-Ernst,S/Wijk aan Zee NED 2005/54)}) (17... Bxa3 18. Rxe8+ Rxe8 19. Rxb7 Bxd3
20. Qxd3 Bd6 21. Be3 Rb8 22. Rxb8+ Nxb8 23. Ng5 g6 24. Ne4 $14 {1/2-1/2 Klimov,
S-Solovyov,S/Smolensk RUS 2005/(60)}) 18. Qxd3 b6 19. d5 Bf6 20. c4 h6 (20...
Ne7 21. Be5 (21. Ne5 Bxe5 22. Bxe5 Ng6 23. Bg3 $14 {1-0 Oosterom,J-Rause,M/
ICCF 2003/CT-1661 (36)}) 21... Qf5 22. Qxf5 Nxf5 23. Bxc7 Be7 24. Bg3 f6 25. a4
Kf7 26. a5 Rxc4 27. axb6 axb6 28. Rxb6 Rd8 $11 {1/2-1/2 Sebag,M-Roussel
Roozmon,T/Bois Colombes FRA 2004/(41)}) 21. h4 (21. h3 Re7 (21... Rxe1+ 22.
Rxe1 Ne7 23. Ne5 Bxe5 24. Bxe5 Nf5 25. Bb2 $14 {1/2-1/2 Akopian,V-Gelfand,B/
Calvia de Mallorca ESP 2004/CT-1446 (36)}) (21... Ne7 22. Ne5 Bxe5 23. Rxe5 Ng6
24. Rxe8+ Rxe8 25. Bg3 Qe7 26. Kh1 Qc5 27. Rb5 Qe7 28. Rb1 (28. c5 h5 29. d6
cxd6 30. cxb6 Qe1+ 31. Kh2 h4 32. bxa7 hxg3+ 33. Qxg3 Ne5 34. Rb8 Nc6 35. a8=Q
Nxb8 36. Qb7 Qe6 37. Qb6 {1-0 Hansen,S-Schandorff,L/Koege DEN 2005/(37)}) 28...
Qc5 29. Rb5 Qe7 30. c5 h5 31. cxb6 axb6 32. Qc3 Qe1+ 33. Qxe1 Rxe1+ 34. Kh2 Rc1
35. h4 f5 36. Rb4 Rc5 {1/2-1/2 Hansen,S-Schandorff,L/Koege DEN 2005/(36)}) 22.
Rbd1 Rd8 23. Rxe7 Nxe7 24. Ne5 Bxe5 25. Bxe5 $14 {1-0 Leko,P-Anand,V/Linares
2003/CBM 94/[Huzman] (65)}) 21... Ne7 (21... Rxe1+ 22. Rxe1 Ne7 23. Be5 Qf5 24.
Qd4 Ng6 25. Bxf6 Qxf6 26. Qxf6 gxf6 27. h5 Nf4 28. Nd4 $16 {1-0 Leitao,
R-Coelho,L/Sao Paulo BRA 2005/(52)}) 22. h5 {It is a logical attempt to
improve Polgar's play. White prevents the move Ng6.} (22. Rbd1 Ng6 23. Bg3 h5
24. Rc1 Bb2 25. Rxe8+ Rxe8 26. Rc2 Bf6 27. c5 bxc5 28. Rxc5 Ne5 29. Qb5 Qxb5
30. Rxb5 Nxf3+ 31. gxf3 Be5 $14 {1/2-1/2 Polgar,J-Anand,V/Wijk aan Zee NED
2005/(38)}) (22. Be5 Bxe5 23. Nxe5 Qf5 (23... Qd6 24. Qf3 f6 25. Ng4 Ng6 26.
Re4 $36) 24. Qxf5 Nxf5 25. Nc6 a6 $11) (22. Bg5 $5 hxg5 23. hxg5 Qd6 24. gxf6
Qxf6 $11) 22... b5 $5 {Black tries to destroy White's pawn centre.} 23. cxb5 (
23. Rxb5 c6 24. Rc5 cxd5 25. Rxc8 Rxc8 26. Be5 Bxe5 27. Nxe5 Qe6 28. Qd1 Qd6
$11) 23... Qxd5 24. Qxd5 (24. Rbd1 c6 $11) (24. Ne5 c6 25. bxc6 Qxd3 26. Nxd3
Nxc6 $11) 24... Nxd5 25. Be5 Ra8 $1 {Black exchanges the weak pawn on a7 and
equalizes the game.} 26. Rbc1 Bxe5 27. Rxe5 Rxe5 28. Nxe5 a6 $11 29. Rc5 Nf4
30. bxa6 (30. a4 axb5 31. axb5 Ra1+ 32. Kh2 Rb1 33. g4 Ne6 $11) 30... Rxa6 31.
Rxc7 Nxh5 1/2-1/2

[Event "Olympiad-36"]
[Site "Mallorca"]
[Date "2004.10.29"]
[Round "14"]
[White "Hansen, Sune Berg"]
[Black "Fernandes, Antonio ETG"]
[Result "1-0"]
[WhiteElo "2551"]
[BlackElo "2431"]
[Annotator "Huzman,A"]
[PlyCount "61"]
[EventDate "2004.10.15"]
[EventType "team-swiss"]
[EventRounds "14"]
[EventCountry "ESP"]
[SourceTitle "CBM 104"]
[Source "ChessBase"]
[SourceDate "2005.01.27"]
[SourceVersion "1"]
[SourceVersionDate "2005.01.27"]
[SourceQuality "1"]
[WhiteTeam "Denmark"]
[BlackTeam "Portugal"]
[WhiteTeamCountry "DEN"]
[BlackTeamCountry "POR"]

1. e4 e5 2. Nf3 Nf6 3. Nxe5 d6 4. Nf3 Nxe4 5. d4 d5 6. Bd3 Nc6 7. O-O Be7 8. c4
Nb4 9. Be2 O-O 10. a3 Nc6 11. cxd5 Qxd5 12. Nc3 Nxc3 13. bxc3 Bf5 14. Re1 Rfe8
15. Bf4 Rac8 16. Bd3 Bxd3 (16... Qd7 17. Qc2 (17. Rb1 Bxd3 18. Qxd3 b6 19. d5
Bf6 20. c4 h6 21. h3 Re7 (21... Rxe1+ 22. Rxe1 Ne7 23. Ne5 Bxe5 24. Bxe5 Nf5
25. Bb2 Rf8 26. Re5 Nd6 27. Qg3 f6 $14 {1/2-1/2 Akopian,V-Gelfand,B/Calvia ESP
2004/(36)}) 22. Rbd1 Rd8 23. Rxe7 Nxe7 24. Ne5 Bxe5 25. Bxe5 $14 {1-0 Leko,
P-Anand,V/Linares 2003/CBM 94/[Huzman] (65)}) (17. Bxf5 Qxf5 18. Bg3 Bd6 19.
Qb3 b6 20. c4 Qf6 21. d5 Nd4 22. Nxd4 Qxd4 $11 {1/2-1/2 Ivanchuk,V-Gelfand,B/
Calvia ESP 2004/(44)}) 17... Bxd3 18. Qxd3 h6 19. d5 Bf6 20. Rad1 Na5 21. c4 b6
22. c5 Red8 $2 23. Be5 $16 {1-0 Schoepf,A-Harmon,C/Budapest HUN 2003/(32)}) (
16... Bg6 17. c4 Qd8 18. Bxg6 hxg6 19. d5 Na5 20. Qd3 b6 21. Nd4 Bf6 22. Rad1
$14 {1/2-1/2 Van den Doel,E-Nijboer,F/Leeuwarden 2003/CBM 96/[Huzman] (61)})
17. Qxd3 b6 (17... h6 18. c4 Qd7 19. Rad1 Bd6 20. Be3 Rcd8 21. Qc3 Qf5 22. d5
Ne5 23. Nxe5 {1/2-1/2 Nedev,T-Pavasovic,D/Bled 2002/EXT 2003 (23)}) (17... Bd6
18. c4 (18. Ng5 g6 19. Qh3 h5 20. Ne4 $36 {1/2-1/2 Dencsi,T-Harmon,C/Budapest
HUN 2003/(44)}) 18... Qh5 19. Bg3 b6 20. Qb3 Qa5 21. Re3 Rxe3 22. Qxe3 Qf5 23.
Re1 Qd7 24. Qe4 Na5 25. Ng5 g6 26. Qh4 f5 27. d5 Rf8 28. Bxd6 cxd6 29. Re6 $16
{1-0 Prasad,D-Singh,R/Mumbai IND 2003/(33)}) (17... Qd7 18. d5 Bf6 19. Rad1
Rxe1+ 20. Rxe1 Ne7 21. c4 b6 22. Qe4 $14 {1-0 Czarnota,D-Holemar,D/Brno CZE
2004/(65)}) 18. Rad1 Na5 (18... b5 $5 19. Re3 Bd6 20. Ng5 f5 21. Rde1 $36) 19.
Re5 Qc4 20. Qe3 Qa4 21. Qd3 Bd6 $6 {This move gives White good attacking
possibilities on the king's side.} (21... Nc4 $5 22. Re2 Bd6 $15 23. Bxd6 Rxe2
24. Qxe2 cxd6) (21... Qc4 22. Qf5 $1 Nc6 (22... g6 23. Qh3 $36) 23. Re3 Bxa3
24. Rde1 Red8 (24... Rf8 25. Ng5 g6 26. Qf6 $18) 25. d5 $1 $18) 22. Ng5 g6 (
22... Bxe5 23. Qxh7+ Kf8 24. Re1 $40) 23. Ne4 $1 Kg7 $2 (23... Bxe5 $1 24. Bxe5
(24. dxe5 Red8 25. Qxd8+ Rxd8 26. Rxd8+ Kg7 27. f3 Nb7 28. Rd4 (28. Rb8 Nc5 $19
) 28... Qxa3 29. Bg5 $44) 24... Re6 25. Rf1 (25. Nf6+ Kg7 26. Ne8+ Kf8 27. Nf6
Nc4 $1 $17 28. Nxh7+ Kg8 29. Nf6+ Rxf6 30. Bxf6 Nb2 $19) 25... Nc4 (25... Rce8
26. f4 (26. Nf6+ Rxf6 27. Bxf6 Qxa3 $13) 26... Nc4 27. Ng5 $44 (27. d5 Nxe5 28.
fxe5 Rxe5 29. Nf6+ Kg7 $17) 27... Nxe5 28. fxe5 R6e7) 26. Qh3 $1 Nxe5 27. Ng5
h5 28. Nxe6 $36) 24. Re1 (24. Rxe8 Rxe8 25. Bxd6 Nc4 $1 26. Nf6 $1 (26. Be5+
Rxe5 $1 27. dxe5 Nb2 $11) 26... Kxf6 (26... Re6 27. d5 Rxf6 28. Be7 Rf5 29.
Qd4+ Kg8 30. Re1 $16) 27. Bxc7 Kg7 $44) 24... f6 $4 (24... Bxe5 $142 25. Bxe5+
Rxe5 26. dxe5 Nc4 27. e6 fxe6 28. Ng5 $40) 25. Nxd6 cxd6 (25... fxe5 26. Nxe8+
Rxe8 27. Bxe5+ Kg8 28. f4 Nc4 29. f5 Nxe5 30. dxe5 gxf5 31. Qxf5 Qxa3 32. e6
$18) 26. Re7+ $18 Rxe7 27. Rxe7+ Kg8 (27... Kh8 $142 28. Qe2 Qxa3 29. h3 $18)
28. Qe2 Qc4 (28... Qb3 29. Re8+ (29. h3 $1 Kh8 30. Re8+ Rxe8 31. Qxe8+ Qg8 32.
Qe7 $18) 29... Rxe8 30. Qxe8+ Kg7 31. h4 $18) 29. Re8+ Rxe8 (29... Kg7 30. Qe7+
Qf7 31. Bh6+ $18) 30. Qxe8+ Kg7 31. Qe7+ (31. Qe7+ Qf7 32. Bh6+ $18) 1-0

[Event "FRA-chT poule basse"]
[Site "France"]
[Date "2003.05.09"]
[Round "10.2"]
[White "Landa, Konstantin"]
[Black "David, Alberto"]
[Result "1/2-1/2"]
[WhiteElo "2643"]
[BlackElo "2548"]
[Annotator "Huzman,A"]
[PlyCount "95"]
[EventDate "2003.05.07"]
[EventType "team"]
[EventRounds "4"]
[EventCountry "FRA"]
[SourceTitle "CBM 095"]
[Source "ChessBase"]
[SourceDate "2003.07.25"]
[SourceVersion "1"]
[SourceVersionDate "2003.07.25"]
[SourceQuality "1"]
[WhiteTeam "Nancy"]
[BlackTeam "Drancy"]
[WhiteTeamCountry "FRA"]
[BlackTeamCountry "FRA"]

1. e4 e5 2. Nf3 Nf6 3. Nxe5 d6 4. Nf3 Nxe4 5. Nc3 Nf6 6. d4 Be7 7. Bd3 O-O 8.
h3 Re8 9. O-O Nbd7 10. Re1 Nf8 11. Bf4 (11. Ne2 $5 Ng6 12. Ng3 $14) 11... Ng6
12. Bh2 a6 $1 {[%cal Yb7b5]} 13. a4 d5 14. Ne5 c6 15. Ne2 (15. Qf3 Qb6 16. Ne2
Nh4 17. Qf4 Ng6 18. Nxg6 hxg6 $14 {/=}) 15... Ne4 16. c3 a5 $14 17. Qc2 Bd6 18.
f3 (18. Bxe4 dxe4 19. Nxg6 hxg6 20. Bxd6 Qxd6 21. Ng3 f5 $11) 18... Ng5 19. Kh1
Nf8 {[%cal Yf7f6]} 20. Ng3 f6 21. Ng4 Bxg4 $1 22. hxg4 Qc7 23. Nf1 Bxh2 24.
Nxh2 Nfe6 $11 (24... Qg3 $1 25. Qd2 Nfe6 $36) 25. Qf2 Nf4 26. Bf1 Rad8 27. g3
Ng6 28. Kg2 Kf8 $6 (28... Nf8 $142) 29. Bd3 Rxe1 30. Rxe1 Kg8 (30... Re8 $2 31.
Rxe8+ Kxe8 32. Qc2 $16) 31. f4 $36 Nf7 32. Nf3 (32. Qc2 $142 Nf8 33. Nf3 Nd6
34. g5 $36) 32... Nd6 33. f5 $6 (33. Qc2 Qf7 34. Qb3 $5 {[%cal Gb3b6]} Re8 $1
35. Rxe8+ Qxe8 36. g5 Qe3 $132) 33... Nf8 34. g5 Re8 $1 35. gxf6 Rxe1 36. Nxe1
(36. f7+ $1 Qxf7 37. Nxe1 Qh5 $1 (37... Nd7 38. Qf4 Qe7 39. Nf3 Nf6 40. Qe5 Kf8
41. Ng5 $14) 38. f6 Ng6 $11) 36... gxf6 {[%csl Rd3]} 37. Nc2 Qe7 38. Ne3 Nf7 $1
{[%cal Yf7g5]} 39. Ng4 Kg7 40. Qd2 Qd8 41. Nf2 Ng5 42. Qe2 Kf7 43. Qh5+ Kg7 44.
Ng4 Qe7 45. Qh6+ Kf7 46. Kf2 Nd7 47. Qh5+ Kg7 48. Qh6+ 1/2-1/2